000 00449cam a2200169ua 4500
003 OSt
008 250328b |||||||| |||| 00| 0 eng d
041 _aeng
082 _a621.901
_bWAG/MA
100 _aWegener, Albert M .
_97360
245 _aMachineshop theory and practice /
250 _a2 /
260 _aNew Delhi :
_bAffiliated East West Press Pvt Ltd ,
_c1950.
300 _a306 ; .
700 1 _aArthur, Harlan R .
_97361
942 _cBK
999 _c9209
_d9209